00373nam a2200109Ia 4500008004100000020001800041100002100059245009900080260002700179650000800206856004900214171212s9999 xx 000 0 und d a9780833094544 aShatz, Howard J. cShatz, Howard J.aU.S. International Economic Strategy in a Turbulent WorldbStrategic Rethink bRAND Corporationc2016 aLaw uhttp://jstor.org/stable/10.7249/j.ctt1d4txf0